| 000 | 01128nam a2200277 4500 | ||
|---|---|---|---|
| 003 | OSt | ||
| 005 | 20260601171005.0 | ||
| 008 | 260418t199\\\\\mx\a||||\||||\00|\0\spa\d | ||
| 040 |
_aICI _bspa _cICI |
||
| 041 | _aspa | ||
| 050 |
_aGC35.2M4 _bE57 |
||
| 245 | 0 |
_aEntre mares : _bmemoria grafica / _credaccion de textos Enrique Portillo Venegas, Claudia Mondragon Becerra, Patricia Lozano ; fotografia Francisco Lara ... [y otros.] |
|
| 264 |
_bFideicomiso Expo Lisboa '98 : _bMargen Rojo, _cc1999 _aMéxico, D.F. : |
||
| 300 |
_a104 páginas : _bilustraciones _c30 cm |
||
| 336 |
_atexto _2rdacontent |
||
| 337 |
_asin medio _2rdamedia |
||
| 338 |
_avolumen _2rdacarrier |
||
| 500 | _aA la cabeza de la portada: Presencia de Mexico en Expo'98 Lisboa | ||
| 611 |
_aExpo ´98 _y(1998 : _zLisboa, Portugal). _932001 |
||
| 650 |
_aOceanografía _vExposiciones _zMexico _932002 |
||
| 700 |
_aPortillo Venegas, Enrique, _ecolaborador _932003 |
||
| 700 |
_aMondragon Becerra, Claudia, _ecolaborador _932004 |
||
| 700 |
_aLozano, Patricia, _ecolaborador _932005 |
||
| 700 |
_aLara, Francisco, _eilustrador _932006 |
||
| 942 |
_2lcc _cB |
||
| 999 |
_c20223 _d20223 |
||